000 00266nam a2200109Ia 4500
008 180219s9999 xx 000 0 und d
020 _a786904305
100 _aMcComb, Colin
245 _aOn hallowed ground /
260 _aUSA :
_bTSR inc
_c1995
300 _a192 pages
999 _c355998
_d355998